00361nam a2200133Ia 4500008004100000041000800041082001200049100001900061245003600080250001700116260005200133300001100185650003100196231207s9999 xx 000 0 und d aeng a005/JEF aJeffrey Bartee aModern System Analysis & Design a2nd Ed. 2000 bAddison Wesley Longman Pub. (pearson Edu. Delhi aPB/854 aComnputer Program Language